<?xml version="1.0" encoding="UTF-8"?>
<collection xmlns="http://www.loc.gov/MARC21/slim">
  <record>
    <leader>00000nam  2200000   4500</leader>
    <controlfield tag="001">INLIS000000000015889</controlfield>
    <controlfield tag="005">20230925120604</controlfield>
    <datafield tag="035" ind1="#" ind2="#">
      <subfield code="a">0010-0923000130</subfield>
    </datafield>
    <controlfield tag="007">ta</controlfield>
    <controlfield tag="008">230925################|##########|#|##</controlfield>
    <datafield tag="084" ind1="#" ind2="#">
      <subfield code="a">R 91 PIM I 2022</subfield>
    </datafield>
    <datafield tag="100" ind1=" " ind2="#">
      <subfield code="a">Hendriwan</subfield>
    </datafield>
    <datafield tag="245" ind1="1" ind2="#">
      <subfield code="a">Percepatan Elektronifikasi Transaksi Pemerintah Daerah (ETPD) Dalam Rangka Meningkatkan Pendapatan Asli Daerah (PAD) /</subfield>
      <subfield code="c">Hendriwan</subfield>
    </datafield>
    <datafield tag="250" ind1="#" ind2="#">
      <subfield code="a">1</subfield>
    </datafield>
    <datafield tag="260" ind1="#" ind2="#">
      <subfield code="a">Jakarta :</subfield>
      <subfield code="b">Pusbangkom Pimnas dan Manajerial ASN,</subfield>
      <subfield code="c">2022</subfield>
    </datafield>
    <datafield tag="300" ind1="#" ind2="#">
      <subfield code=":"/>
      <subfield code="b">ilus ;</subfield>
      <subfield code="c">30 cm</subfield>
    </datafield>
    <datafield tag="650" ind1="#" ind2="4">
      <subfield code="a">Anggaran Administrasi Negara</subfield>
    </datafield>
    <datafield tag="650" ind1="#" ind2="4">
      <subfield code="a">Transformasi Digital</subfield>
    </datafield>
    <datafield tag="520" ind1="#" ind2="#">
      <subfield code="a">Proyek perubahan ini dilaksanakan secara bertahap. Pada tahap jangka pendek menekankan pada penyiapan regulasi dan kebijakan, serta pengukuran pemahaman tentang Elektronifikasi Transaksi Pemerintah Daerah. Pada tahap menengah menekankan pada pembinaan, peningkatan kapasitas dan penerapan Elektronifikasi Transaksi Pemerintah Daerah serta menekankan pada monitoring dan evaluasi pelaksanaan Elektronifikasi Transaksi Pemerintah Daerah. Sedangkan pada tahap jangka panjang menekankan pada terciptanya kebiasaan baru pada masyarakat dalam hal pembayaran pajak dan retribusi secara non tunai. Strategi komunikasi menjadi kunci dalam keberhasilan pelaksanaan proyek perubahan ini dengan memanfaatkan sumber daya secara efektif dan efisien (SDM, pendanaan,kebijakan/regulasi, knowledge dan sarana dan prasarana), yang dibuktikan dengan adaanya pergeseran stakeholders dari semula "apatheic" dan "defenders" (pasif dari segi pengaruh maupun minat) menjadi "latent" dan "promoters". Untuk itu, sebagai branding strategi komunikasi kepada publik, diciptakan istilah dan logo/tagline "ETPD" yaitu Elektronifikasi Transaksi Pemerintah Daerah.</subfield>
    </datafield>
    <datafield tag="990" ind1="#" ind2="#">
      <subfield code="a">91</subfield>
    </datafield>
  </record>
</collection>
